| 000 | 00381nam a22001337a 4500 | ||
|---|---|---|---|
| 020 | _a0792276957 | ||
| 082 |
_222 _a796.522092 |
||
| 100 | _aRose, David and Douglas. | ||
| 245 |
_aRegions of the hearts: _bthe triumph and tragedy of asison hargreaves / |
||
| 250 | _aNA | ||
| 260 |
_aWashington, _bNational geography, _cc2000. |
||
| 300 |
_a277 p. ; _bill. ; _c24cm. |
||
| 942 |
_2ddc _cBK |
||
| 999 |
_c2281 _d2281 |
||